Βιολογική γεωργία και βιολογική κτηνοτροφία : 14ο Συνέδριο Πανελλήνιου Δικτύου Οικολογικών Οργανώσεων
Αποθηκεύτηκε σε:
| Συλλογικό Έργο: | , |
|---|---|
| Μορφή: | Βιβλίο |
| Γλώσσα: | Greek |
| Δημοσίευση: |
[Βόλος] :
Πανελλήνιο Δίκτυο Οικολογικών Οργανώσεων,
2005
|
| Θέματα: | |
| Ετικέτες: |
Προσθήκη ετικέτας
Δεν υπάρχουν, Καταχωρήστε ετικέτα πρώτοι!
|
MARC
| LEADER | 00000cam a2200000 i 4500 | ||
|---|---|---|---|
| 001 | 1/104407 | ||
| 008 | 090428s2005 gre d | ||
| 035 | |l 10104406 | ||
| 040 | |a GR-MY-UA |b gre |e aacr | ||
| 041 | 0 | |a gre | |
| 082 | 0 | |a 338.162 |2 (22) | |
| 110 | 2 | |a Πανελλήνιο Δίκτυο Οικολογικών Οργανώσεων. | |
| 245 | 1 | 0 | |a Βιολογική γεωργία και βιολογική κτηνοτροφία : |b 14ο Συνέδριο Πανελλήνιου Δικτύου Οικολογικών Οργανώσεων / |c Πανελλήνιο Δίκτυο Οικολογικών Οργανώσεων |
| 246 | 3 | 3 | |a 14ο Συνέδριο Πανελλήνιου Δικτύου Οικολογικών Οργανώσεων |
| 260 | |a [Βόλος] : |b Πανελλήνιο Δίκτυο Οικολογικών Οργανώσεων, |c 2005 | ||
| 300 | |a 155 σ.; |b εικ.; |c 23 εκ. | ||
| 500 | |a Πρακτικά 14ο Συνεδρίου Πανελλήνιου Δικτύου Οικολογικών Οργανώσεων με θέμα: "Βιολογική γεωργία και βιολογική κτηνοτροφία", Λάρισα, 8-10 Νοεμβρίου 2002 Κτίριο Ιατρικής Σχολής | ||
| 504 | |a Περιέχει βιβλιογραφικές παραπομπές | ||
| 650 | 0 | 0 | |a Agricultural development projects |z Greece |x Congresses. |
| 650 | 0 | 0 | |a Organic farming |z Greece |x Congresses. |
| 650 | 0 | 0 | |a Agriculture |z Greece |x Congresses. |
| 650 | 0 | 0 | |a Livestock breeds |z Greece |x Congresses. |
| 650 | 0 | 0 | |a Livestock |z Greece |x Congresses. |
| 710 | 2 | |a Συνέδριο Πανελλήνιου Δικτύου Οικολογικών Οργανώσεων. | |
| 852 | |a INST |b LESVOS |e 20090428 |h 338.162 ΠΑΝ |p 005100044911 |q 005100044911 |t BK |y 0 | ||
| 901 | |a BIBL1-2009-1 | ||
| 909 | |a Λ |b 158703 | ||
| 970 | |a ΚΑΡΑ |b ΓΙΑΣΕΜΗ |z 2009/04/28 | ||